Ngôn ngữ Italia - từ khởi nguồn đến hiện tại /

保存先:
書誌詳細
第一著者: Trần Thị Khánh Hà.
フォーマット: 論文
言語:Vietnamese
主題:
タグ: タグ追加
タグなし, このレコードへの初めてのタグを付けませんか!
Thư viện lưu trữ: Thư viện Trường Đại học Đà Lạt
LEADER 00925nam a2200313 4500
001 DLU210196674
005 ##20210630
040 # # |a DLU  |b vie 
041 # # |a vie 
044 # # |a vn 
100 # # |a Trần Thị Khánh Hà. 
245 # # |a Ngôn ngữ Italia - từ khởi nguồn đến hiện tại /  |c Trần Thị Khánh Hà. 
653 # # |a Dante 
653 # # |a Ngôn ngữ 
653 # # |a Ngôn ngữ quốc gia 
653 # # |a Phương ngữ 
653 # # |a Tiếng Italia 
653 # # |a Văn học 
773 # # |t Nghiên cứu Châu Âu  |g Số 9(228), 2019, tr. 42-51 
920 # # |a Phòng Tạp chí -- Trung tâm Thông tin - Thư viện Trường Đại học Đà Lạt 
933 # # |a XH 
994 # # |a DLU 
900 # # |a True 
911 # # |a Hoàng Thị Huyền 
925 # # |a G 
926 # # |a A 
927 # # |a BB 
980 # # |a Thư viện Trường Đại học Đà Lạt